All Minecraft Dye Colors - Statistics

General Stats
  • This quiz has been taken 87 times
  • The average score is 10 of 12
Answer Stats
Answer % Correct
Red
96%
Blue
95%
Green
92%
Black
87%
Orange
87%
Purple
87%
White
84%
Gray
78%
Magenta
76%
Lime
71%
Brown
67%
Light Blue
64%
No matching quizzes found
Score Distribution
Percent of People with Each Score
Percentile by Number Answered
Your Score History
You have not taken this quiz